Other Cultures : Aims, Methods and Achievements in Social Anthropology /

I tiakina i:
Ngā taipitopito rārangi puna kōrero
Kaituhi matua: Beattie, John (autor)
Hōputu: Pukapuka
Reo:Ingarihi
I whakaputaina: Londres, Inglaterra : Routledge and Kegan Paul, 1967, c1964
Ngā Tūtohu: Tāpirihia he Tūtohu
Kāore He Tūtohu, Me noho koe te mea tuatahi ki te tūtohu i tēnei pūkete!

MARC

LEADER 00000nam^a2200000^a^4500
001 000613345
005 20250521000000.0
009 20260310133621.001
037 |a Acervo Xavier Clavigero 
041 |a ING 
091 |a FDU. 01109 
100 |a Beattie, John  |e (autor) 
245 1 0 |a Other Cultures :  |b Aims, Methods and Achievements in Social Anthropology / 
264 4 |a Londres, Inglaterra :  |b Routledge and Kegan Paul,  |c 1967, c1964 
300 |a XII, 283 p. 
336 |a texto  |b txt  |2 rdacontenido 
337 |a sin mediación  |b n  |2 rdamedio 
338 |a volumen  |b nc  |2 rdasoporte 
649 |a XX 
910 |a Fondo Víctor Raúl Durana Valerio S.J. 
920 |a Impresos - Libros 
930 |a Fondos Especiales 
905 |a 116 
901 |a 613345-10  |b IT2  |c ESP  |i D5208  |u 20250521 
902 |a https://opac.biblio.iteso.mx/vufind/Record/000613345